Pokémon - Génération III dans l'ordre du Pokedex National - Statistiques

Statistiques générales
  • Ce quiz a été pris 53 fois
  • Le résultat moyen est 95 sur 135
Statistiques - réponses
Numéro Pokémon % Correct
252 Arcko
100%
257 Braségali
93%
256 Galifeu
93%
254 Jungko
93%
253 Massko
93%
255 Poussifeu
93%
258 Gobou
87%
266 Armulys
80%
279 Bekipan
80%
268 Blindalys
80%
267 Charmillon
80%
265 Chenipotte
80%
301 Delcatty
80%
386 Deoxys
80%
259 Flobio
80%
278 Goélise
80%
262 Grahyena
80%
383 Groudon
80%
297 Hariyama
80%
385 Jirachi
80%
382 Kyogre
80%
260 Laggron
80%
380 Latias
80%
381 Latios
80%
264 Linéon
80%
296 Makuhita
80%
261 Medhyena
80%
289 Monaflémit
80%
292 Munja
80%
290 Ningale
80%
291 Ninjask
80%
269 Papinox
80%
287 Parecool
80%
384 Rayquaza
80%
300 Skitty
80%
288 Vigoroth
80%
263 Zigzaton
80%
285 Balignon
73%
295 Brouhabam
73%
323 Camerupt
73%
322 Chamallot
73%
286 Chapignon
73%
293 Chuchmur
73%
366 Coquiperl
73%
305 Galegon
73%
304 Galekid
73%
306 Galeking
73%
282 Gardevoir
73%
273 Grainipiot
73%
277 Heledelle
73%
281 Kirlia
73%
271 Lombre
73%
272 Ludicolo
73%
314 Lumivole
73%
376 Métalosse
73%
375 Metang
73%
313 Muciole
73%
270 Nenupiot
73%
276 Nirondelle
73%
274 Pifeuil
73%
294 Ramboum
73%
378 Regice
73%
377 Regirock
73%
379 Registeel
73%
369 Relicanth
73%
368 Rosabyss
73%
315 Rosélia
73%
367 Serpang
73%
299 Tarinor
73%
280 Tarsal
73%
275 Tengalice
73%
374 Terhal
73%
333 Tylton
73%
334 Altaria
67%
283 Arakdo
67%
349 Barpau
67%
331 Cacnéa
67%
332 Cacturne
67%
318 Carvanha
67%
308 Charmina
67%
324 Chartor
67%
371 Draby
67%
372 Drackhaus
67%
373 Drattak
67%
309 Dynavolt
67%
310 Elecsprint
67%
365 Kaimorse
67%
370 Lovdisc
67%
284 Maskadra
67%
307 Méditikka
67%
350 Milobellus
67%
303 Mysdibule
67%
312 Négapi
67%
363 Obalie
67%
364 Phogleur
67%
311 Posipi
67%
319 Sharpedo
67%
302 Ténéfix
67%
320 Wailmer
67%
321 Wailord
67%
359 Absol
60%
298 Azurill
60%
343 Balbuto
60%
340 Barbicha
60%
339 Barloche
60%
354 Branette
60%
342 Colhomard
60%
341 Ecrapince
60%
358 Eoko
60%
326 Groret
60%
344 Kaorine
60%
352 Kecleon
60%
335 Mangriff
60%
362 Oniglali
60%
353 Polichombr
60%
338 Séléroc
60%
336 Séviper
60%
355 Skélénox
60%
337 Solaroc
60%
327 Spinda
60%
325 Spoink
60%
361 Stalgamin
60%
356 Téraclope
60%
357 Tropius
60%
347 Anorith
53%
348 Armaldo
53%
317 Avaltout
53%
316 Gloupti
53%
328 Kraknoix
53%
330 Libegon
53%
345 Lilia
53%
351 Morphéo
53%
360 Okéoké
53%
346 Vacilys
53%
329 Vibraninf
53%
Aucun quiz correspondant
Distribution des résultats
% des personnes avec chaque résultat
Percentile par nombre de réponses
Votre historique - résultats
Vous n’avez pas pris ce quiz